Puedo contar contigo (Record no. 66828)
[ view plain ]
| 000 -LEADER | |
|---|---|
| campo de control de longitud fija | 01159nam a2200337 i 4500 |
| 001 - NÚMERO DE CONTROL | |
| campo de control | 66828 |
| 003 - IDENTIFICADOR DE NÚMERO DE CONTROL | |
| campo de control | ES-MaACL |
| 005 - FECHA Y HORA DE LA ÚLTIMA TRANSACCIÓN | |
| campo de control | 20240611121323.0 |
| 007 - CAMPO FIJO DE DESCRIPCIÓN FÍSICA--INFORMACIÓN GENERAL | |
| campo de control de longitud fija | t| |
| 008 - DATOS DE LONGITUD FIJA--INFORMACIÓN GENERAL | |
| campo de control de longitud fija | 030711s2003 sp ||||0| spa d |
| 020 ## - NÚMERO INTERNACIONAL ESTÁNDAR DEL LIBRO | |
| Número Internacional Estándar del Libro | 84-233-3514-3 |
| 040 ## - FUENTE DE CATALOGACIÓN | |
| Centro catalogador/agencia de origen | M-BN |
| Lengua de catalogación | spa |
| Centro/agencia transcriptor | M-BN |
| 080 ## - NÚMERO DE LA CLASIFICACIÓN DECIMAL UNIVERSAL | |
| Número de la Clasificación Decimal Universal | 929 Laforet, Carmen |
| 080 ## - NÚMERO DE LA CLASIFICACIÓN DECIMAL UNIVERSAL | |
| Número de la Clasificación Decimal Universal | 929 Sender, Ramón J |
| 100 1# - ENTRADA PRINCIPAL--NOMBRE DE PERSONA | |
| Nombre de persona | Laforet, Carmen, |
| Fechas asociadas al nombre | 1921-2004 |
| 9 (RLIN) | 69515 |
| 245 10 - MENCIÓN DEL TÍTULO | |
| Título | Puedo contar contigo |
| Resto del título | : correspondencia / |
| Mención de responsabilidad, etc. | Carmen Laforet, Ramón J. Sender ; edición a cargo de Israel Rolón Barada. |
| 250 ## - MENCION DE EDICION | |
| Mención de edición | 1ª ed. |
| 260 ## - PUBLICACIÓN, DISTRIBUCIÓN, ETC. | |
| Lugar de publicación, distribución, etc. | Barcelona : |
| Nombre del editor, distribuidor, etc. | Destino, |
| Fecha de publicación, distribución, etc. | 2003. |
| 300 ## - DESCRIPCIÓN FÍSICA | |
| Extensión | 273 p. : |
| Otras características físicas | il. ; |
| Dimensiones | 23 cm. |
| 490 1# - MENCIÓN DE SERIE | |
| Mención de serie | Imago mundi ; |
| Designación de volumen o secuencia | 32 |
| 504 ## - NOTA DE BIBLIOGRAFÍA, ETC. | |
| Nota de bibliografía, etc. | Bibliografía: p. 271-273. |
| 600 14 - PUNTO DE ACCESO ADICIONAL DE MATERIA--NOMBRE DE PERSONA | |
| Nombre de persona | Laforet, Carmen, |
| Fechas asociadas al nombre | 1921-2004- |
| Subdivisión de forma | Correspondencia |
| 9 (RLIN) | 69516 |
| 600 14 - PUNTO DE ACCESO ADICIONAL DE MATERIA--NOMBRE DE PERSONA | |
| Nombre de persona | Sender, Ramón J., |
| Fechas asociadas al nombre | 1901-1982- |
| Subdivisión de forma | Correspondencia |
| 9 (RLIN) | 105442 |
| 700 1# - ENTRADA AGREGADA--NOMBRE PERSONAL | |
| Nombre de persona | Sender, Ramón J., |
| Fechas asociadas al nombre | 1901-1982 |
| 9 (RLIN) | 105441 |
| 700 1# - ENTRADA AGREGADA--NOMBRE PERSONAL | |
| Nombre de persona | Rolón Barada, Israel. |
| 9 (RLIN) | 99193 |
| 830 00 - PUNTO DE ACCESO ADICIONAL DE SERIE-TÍTULO UNIFORME | |
| Título uniforme | Imago mundi (Barcelona) ; |
| Designación de volumen o secuencia | 32 |
| 9 (RLIN) | 236939 |
| 852 ## - LOCALIZACIÓN | |
| Ubicación | ES-MaACL |
| Número de control de estantería | L-27319 |
| Sublocalización o colección | R.132981 |
| 852 ## - LOCALIZACIÓN | |
| Ubicación | ES-MaACL |
| Número de control de estantería | L-27787 |
| Sublocalización o colección | R.133391 |
| 942 ## - ELEMENTOS DE ENTRADA SECUNDARIOS (KOHA) | |
| Fuente del sistema de clasificación o colocación | Clasificación decimal universal |
| Estatus retirado | Estado de pérdida | Estado de daño | No para préstamo | Biblioteca de origen | Biblioteca actual | Ubicación en estantería | Fecha de adquisición | Fuente de adquisición | Total de préstamos | Signatura topográfica completa | Código de barras | Visto por última vez | Precio de reemplazo | Tipo de ítem Koha |
|---|---|---|---|---|---|---|---|---|---|---|---|---|---|---|
| Biblioteca del Ateneo de Madrid | Biblioteca del Ateneo de Madrid | Depósito 2 | 17/01/2008 | L-27787 | 1069997 | 23/02/2023 | 23/02/2023 | Libro impreso | ||||||
| Biblioteca del Ateneo de Madrid | Biblioteca del Ateneo de Madrid | Depósito 2 | 17/01/2008 | L-27319 | 1069996 | 23/02/2023 | 23/02/2023 | Libro impreso |
